Normal view
MARC view
- Mettenheim, Kurt von,
Entry Personal Name
001 - CONTROL NUMBER
- control field: 15728
003 - CONTROL NUMBER IDENTIFIER
- control field: OSt
005 - DATE AND TIME OF LATEST TRANSACTION
- control field: 20260311201906.0
008 - FIXED-LENGTH DATA ELEMENTS
- fixed length control field: 260311|| aca||aabn | a|a d
040 ## - CATALOGING SOURCE
- Original cataloging agency: OSt
- Transcribing agency: OSt
100 ## - HEADING--PERSONAL NAME
- Personal name: Mettenheim, Kurt von,
- Dates associated with a name: 1957-
670 ## - SOURCE DATA FOUND
- Source citation: Work cat.: (OSt)6185: Presidential institutions and democratic politics :, c1997.